000 00608nam a22002177a 4500
005 20160705172046.0
010 _aENG-115372
020 _c635.00
_a9789339221867
020 _c635.00
_a9339221869
035 _aEN-98904
037 _bDBAD/PUB
082 _a332
100 _aKhan,M. Y.
245 _aFinancial services /
_cM. Y. Khan
250 _a8th edition
260 _aNew Delhi
_bMcGraw Hill Education
_c2015
270 _aP-24,Green Park Extention
_bNew Delhi
_e110016
300 _axx,Various Paging
_c24cm(pbk)
500 _aIncludes index
942 _2ddc
_cEN
_h332.
_mKHA
999 _c101140
_d101140